| 000 | 01180nam a2200313 i 4500 | ||
|---|---|---|---|
| 001 | bg | ||
| 003 | BPK | ||
| 005 | 20230118144929.0 | ||
| 008 | 970513s1991 pl a f f |000 0 pol | ||
| 015 | _aPB 1992/3360 | ||
| 040 |
_aWA N _cBPK |
||
| 080 | _a69 | ||
| 080 | _a528 | ||
| 080 | _a(075.8+076) | ||
| 245 | 0 | 0 |
_aĆwiczenia terenowe z geodezji i miernictwa budowlanego : _bpraca zbiorowa / _cpod red. Stefana Przewłockiego ; [zespół aut. Zdzisław Andrzejowski et al.]. |
| 260 |
_aŁódź : _bPŁ, _c1991. |
||
| 300 |
_a100 s., [2] k. tabl. złoż. : _brys., wykr. ; _c20 cm. |
||
| 490 | 1 | _aSkrypty dla Szkół Wyższych / Politechnika Łódzka. | |
| 658 | _aArchitektura i budownictwo | ||
| 650 | 4 | _aGeodezja | |
| 655 | 4 | _aĆwiczenia i zadania dla szkół wyższych | |
| 650 | 4 | _aPomiary | |
| 650 | 4 | _aBudownictwo | |
| 700 | 1 |
_aPrzewłocki, Stefan _d(1933- ) _eRedakcja |
|
| 700 | 1 |
_aAndrzejowski, Zdzisław _c(geodezja) _eAutor |
|
| 856 |
_uhttp://koha.tu.koszalin.pl/cgi-bin/koha/opac-detail.pl?biblionumber=6347 _yKatalog online BPK |
||
| 830 | 0 | _aSkrypty dla Szkół Wyższych - Politechnika Łódzka | |
| 942 |
_2UKD _cKS |
||
| 999 |
_c6347 _d6347 |
||